| 000 | 00987nam a22003017a 4500 | ||
|---|---|---|---|
| 001 | 4820 | ||
| 003 | FISKH | ||
| 005 | 20241108093030.0 | ||
| 008 | 241016b cb ||||| |||| 00| 0 eng d | ||
| 020 | _a708431211599 | ||
| 040 |
_aFISKH _beng _cFISKH _dFISKH |
||
| 050 | _aPZ7.O222 | ||
| 082 | _a428 | ||
| 100 |
_aO'Connor, Jane _d(1947–) |
||
| 245 |
_aFancy nancy at the museum / _cby Jane O'Connor illustration based on the art of Robin Preiss Glasser |
||
| 250 | _a2007 | ||
| 260 |
_aCanada : _bLeap Frog, _c2007. |
||
| 300 |
_a29 pages : _bColor illustrations ; _c24 cm |
||
| 505 | _aJ | ||
| 520 | _aAlthough excited at the prospect of a fancy class trip to the art museum, the bumpy bus ride to get there leaves Nancy feeling anything but fancy. | ||
| 521 | 8 |
_a460L
_bLexile |
|
| 521 | 8 |
_aJ
_bRaz-Plus |
|
| 650 |
_2Fancy Nancy _aMuseums |
||
| 650 |
_2Field trip _aSchool |
||
| 700 |
_aGlasser, Preiss Robin _dIllustrator |
||
| 942 |
_2ddc _cBK _n0 |
||
| 999 |
_c4820 _d4820 |
||